000 00379nam a2200145Ia 4500
005 20260328101529.0
008 260328s9999||||xx |||||||||||||| ||und||
100 _aArturo, Julián
245 0 _aPobladores Urbanos :
_b Ciudades y Espacios /
_cJulián Arturo
250 _a1a ed.
260 _bTercer Mundo Editores
300 _a433 p.
650 _aDISEÑO URBANO
942 _cBK
999 _c9898
_d9898